Respuesta de la sociedad civil al problema del trabajo: un tema obligado a la vinculación educación y trabajo /
Shranjeno v:
| Glavni avtor: | |
|---|---|
| Format: | Knjiga |
| Jezik: | Spanish |
| Oznake: |
Označite
Brez oznak, prvi označite!
|
MARC
| LEADER | 00000nam a22000007a 4500 | ||
|---|---|---|---|
| 003 | cru CIDCACS/IIS | ||
| 005 | 20200925161146.0 | ||
| 007 | ta | ||
| 008 | 161123t1993 mx ||||| |||| 00| 0 spa d | ||
| 040 | |c CRAI/IIS |a CRAI/IIS | ||
| 100 | 1 | |9 651 |a Piña Williams, César | |
| 245 | 1 | |a Respuesta de la sociedad civil al problema del trabajo: |b un tema obligado a la vinculación educación y trabajo / |c César Piña Williams | |
| 300 | |a páginas 33-40 | ||
| 773 | 0 | |0 18745 |9 162 |a OEA. |d México OEA ; CREPAL |o R16591 |t Revista Interamericana de Educación de Adultos/ | |
| 942 | |2 ddc |c LI | ||
| 999 | |c 18764 |d 18764 | ||
